Normal view
MARC view
- Ganji, A. R
Entry Personal Name
001 - CONTROL NUMBER
- control field: 40587
003 - CONTROL NUMBER IDENTIFIER
- control field: NUST
005 - DATE AND TIME OF LATEST TRANSACTION
- control field: 20210314131817.0
008 - FIXED-LENGTH DATA ELEMENTS
- fixed length control field: 210314|| aca||aabn | a|a d
040 ## - CATALOGING SOURCE
- Original cataloging agency: NUST
- Transcribing agency: NUST
100 ## - HEADING--PERSONAL NAME
- Personal name: Ganji, A. R
670 ## - SOURCE DATA FOUND
- Source citation: Work cat.: (NUST): Wheeler, Anthony J. 40585, Introduction to engineering experimentation /, c1996.
